000 00371nam a22001457a 4500
003 CEME
005 20210628205159.0
008 210301b xxu||||| |||| 00| 0 eng d
040 _c.
082 _a610.28 ZWI
100 _aZeigers, Mimi
_974291
245 _aEssentials of writing biomedical research paper
260 _aRAWAPINDI
_bMCGRAW HILL
_c1993
942 _cBK
_2ddc
999 _c579841
_d579841